| 000 | 00407cam a2200157ua 4500 | ||
|---|---|---|---|
| 041 |
_aeng _h |
||
| 082 |
_a533.62 _bGLA/EL |
||
| 100 | _aGlavert, H . | ||
| 245 |
_aElements of airofoil and air screw theory / _cH Glavert. _hTextual Documents |
||
| 250 |
_a2 / _b. |
||
| 260 |
_aCambridge : _bCambridge University Press , _c1959. |
||
| 300 | _a229 ; . | ||
| 504 | _a | ||
| 942 | _cBK | ||
| 999 |
_c8825 _d8825 |
||